Your Top 10 Rappers - Statistics

General Stats
  • This quiz has been taken 54 times
    38 since last reset
  • The average score is 9 of 221
Answer Stats
Rapper Type Here % Correct
Kendrick Lamar Kendrick Lamar
57%
Eminem Eminem
50%
Tupac Shakur Tupac Shakur
50%
Biggie Biggie
40%
Kanye West Kanye West
37%
Lil Nas X Lil Nas X
37%
Nas Nas
37%
Snoop Dogg Snoop Dogg
33%
Jay-Z Jay-Z
30%
Ice Cube Ice Cube
27%
Travis Scott Travis Scott
27%
50 Cent 50 Cent
23%
Andre 3000 Andre 3000
23%
Drake Drake
20%
Dr Dre Dr Dre
20%
Future Future
20%
Lil Wayne Lil Wayne
20%
21 Savage 21 Savage
17%
J. Cole J. Cole
17%
2 Chainz 2 Chainz
13%
DaBaby DaBaby
13%
King Von King Von
13%
MF Doom MF Doom
13%
Polo G Polo G
13%
Black Thought Black Thought
10%
Freddie Gibbs Freddie Gibbs
10%
KSI KSI
10%
Lil Baby Lil Baby
10%
Lil Yachty Lil Yachty
10%
Eazy E Eazy E
7%
Ghostface Killah Ghostface Killah
7%
Jack Harlow Jack Harlow
7%
Jake Paul Jake Paul
7%
JID JID
7%
Joyner Lucas Joyner Lucas
7%
Lil Durk Lil Durk
7%
Lil Peep Lil Peep
7%
Lil Uzi Vert Lil Uzi Vert
7%
Logan Paul Logan Paul
7%
Logic Logic
7%
Mac Miller Mac Miller
7%
Nicki Minaj Nicki Minaj
7%
Raekwon Raekwon
7%
Rakim Rakim
7%
Usher Usher
7%
Big Sean Big Sean
3%
Black Rob Black Rob
3%
Blueface Blueface
3%
Busta Rhymes Busta Rhymes
3%
Chance the Rapper Chance the Rapper
3%
Chris Brown Chris Brown
3%
Cordae Cordae
3%
Dax Dax
3%
DMX DMX
3%
Eve Eve
3%
Fat Joe Fat Joe
3%
Futuristic Futuristic
3%
Gucci Mane Gucci Mane
3%
GZA GZA
3%
Inspectah Deck Inspectah Deck
3%
Jadakiss Jadakiss
3%
Jaden Smith Jaden Smith
3%
John Cena John Cena
3%
Kid Cudi Kid Cudi
3%
Lauryn Hill Lauryn Hill
3%
Lil Jon Lil Jon
3%
Lil Kim Lil Kim
3%
Ludacris Ludacris
3%
Lupe Fiasco Lupe Fiasco
3%
Method Man Method Man
3%
NF NF
3%
Nick Cannon Nick Cannon
3%
Post Malone Post Malone
3%
Pusha T Pusha T
3%
Quavo Quavo
3%
RZA RZA
3%
Snow Tha Product Snow Tha Product
3%
Tech N9ne Tech N9ne
3%
Trippie Redd Trippie Redd
3%
Tyga Tyga
3%
Westside Gunn Westside Gunn
3%
Will Smith Will Smith
3%
Wiz Khalifa Wiz Khalifa
3%
Young Thug Young Thug
3%
A Boogie wit da Hoodie A Boogie wit da Hoodie
0%
Adam Calhoun Adam Calhoun
0%
Armani Caesar Armani Caesar
0%
Benny the Butcher Benny the Butcher
0%
Benzino Benzino
0%
BIA BIA
0%
Big Daddy Kane Big Daddy Kane
0%
Bizarre Bizarre
0%
Boogie Boogie
0%
B-Real B-Real
0%
Canibus Canibus
0%
Cappadonna Cappadonna
0%
Cardi B Cardi B
0%
Caskey Caskey
0%
China Mac China Mac
0%
Chris Webby Chris Webby
0%
Chuck D Chuck D
0%
Common Common
0%
Conway the Machine Conway the Machine
0%
Coolio Coolio
0%
Crypt Crypt
0%
Cuban Link Cuba Link
0%
Dave East Dave East
0%
DJ Paul DJ Paul
0%
Drag-On Drag-On
0%
E-40 E-40
0%
Earl Sweatshirt
0%
Famous Dex Famous Dex
0%
Fivio Foreign Fivio Foreign
0%
Forgiato Blow Forgiato Blow
0%
Foxy Brown Foxy Brown
0%
French Montana French Montana
0%
Gangsta Boo Gangsta Boo
0%
Giggs Giggs
0%
Grip Grip
0%
Grizzy Hendrix Grizzy Hendrix
0%
Heem Heem
0%
Hi-Rez Hi-Rez
0%
Hopsin Hopsin
0%
Ice-T Ice-T
0%
Immortal Technique Immortal Technique
0%
Ja Rule Ja Rule
0%
Jay Electronica Jay Electronica
0%
Joe Budden Joe Budden
0%
Joell Ortiz Joell Ortiz
0%
Juicy J Juicy J
0%
Katie Noel Katie Noel
0%
Kidd Kidd Kidd Kidd
0%
Kid Rock Kid Rock
0%
Kid Vishis Kid Vishis
0%
Killer Mike Killer Mike
0%
King Gordy King Gordy
0%
Kodak Black Kodak Black
0%
Kool G Rap Kool G Rap
0%
Krizz Kaliko Krizz Kaliko
0%
KRS-One KRS-One
0%
Kuniva Kuniva
0%
Kurupt Kurupt
0%
KXNG Crooked KXNG Crooked
0%
Lazarus Lazarus
0%
Lex Bratcher Lex Bratcher
0%
Lil Cease Lil Cease
0%
Lil Dicky Lil Dicky
0%
Lil Duke Lil Duke
0%
Lil Pump Lil Pump
0%
Lil Skies Lil Skies
0%
Lil Xan Lil Xan
0%
LL Cool J LL Cool J
0%
Lloyd Banks Lloyd Banks
0%
Lord Jamar Lord Jamar
0%
Machine Gun Kelly Machine Gun Kelly
0%
Mac Lethal Mac Lethal
0%
Madchild Madchild
0%
Masta Killa Masta Killa
0%
MC Lyte MC Lyte
0%
MC Ren MC Ren
0%
Meek Mill Meek Mill
0%
Merkules Merkules
0%
Mike Shinoda Mike Shinoda
0%
Mike Stud Mike Stud
0%
Missy Elliott Missy Elliott
0%
Moxas Moxas
0%
Mozzy Mozzy
0%
Mr. Porter Mr. Porter
0%
Murs Murs
0%
Mysonne Mysonne
0%
Mystikal Mystikal
0%
Nipsey Hussle Nipsey Hussle
0%
Nova Rockafeller Nova Rockafeller
0%
Obie Trice Obie Trice
0%
Offset Offset
0%
Papoose Papoose
0%
Phife Dawg Phife Dawg
0%
Proof Proof
0%
Q-Tip Q-Tip
0%
Quadeca Quadeca
0%
Queen Latifah Queen Latifah
0%
Redman Redman
0%
Remy Ma Remy Ma
0%
Rick Ross Rick Ross
0%
Riff Raff Riff Raff
0%
Rittz Rittz
0%
Roddy Rich Roddy Rich
0%
Royce Da 5'9 Royce Da 5'9
0%
Russ Russ
0%
Ryan Upchurch Ryan Upchurch
0%
Saweetie Saweetie
0%
Scarface Scarface
0%
Schoolboy Q Schoolboy Q
0%
Scru Face Jean Scru Face Jean
0%
Sheek Louch Sheek Louch
0%
Slick Rick Slick Rick
0%
Slim Jesus Slim Jesus
0%
Stormzy Stormzy
0%
Styles P Styles P
0%
Swifty McVay Swifty McVay
0%
Takeoff Takeoff
0%
Talib Kweli Talib Kweli
0%
The Game The Game
0%
T.I. T.I.
0%
Token Token
0%
Tom MacDonald Tom MacDonald
0%
Tony Yayo Tony Yayo
0%
Trick Trick Trick Trick
0%
Twista Twista
0%
Ty Dolla Sign Ty Dolla Sign
0%
U-God U-God
0%
Vanilla Ice Vanilla Ice
0%
Vince Staples Vince Staples
0%
Vin Jay Vin Jay
0%
Waka Flocka Flame Waka Flocka Flame
0%
Westside Boogie Westside Boogie
0%
Xzibit Xzibit
0%
Yelawolf Yelawolf
0%
YG YG
0%
Young Buck Young Buck
0%
Young M.A. Young M.A.
0%
No matching quizzes found
Score Distribution
Percent of People with Each Score
Percentile by Number Answered
Your Score History
You have not taken this quiz since the last reset